El giro de la política agropecuaria / (Registro nro. 12385)

Detalles MARC
000 -LEADER
fixed length control field 02776cam a2200301 a 4500
003 - CONTROL NUMBER IDENTIFIER
control field OSt
005 - DATE AND TIME OF LATEST TRANSACTION
control field 20210907152507.0
008 - FIXED-LENGTH DATA ELEMENTS--GENERAL INFORMATION
fixed length control field 970224s1995 ck b r 1000 0 spa d
020 ## - INTERNATIONAL STANDARD BOOK NUMBER
International Standard Book Number 9586016471
040 ## - CATALOGING SOURCE
Original cataloging agency CO-BoPUJ
Transcribing agency CO-JMCR
041 0# - LANGUAGE CODE
Language code of text/sound track or separate title spa
082 04 - DEWEY DECIMAL CLASSIFICATION NUMBER
Classification number 338.109866 /
Item number O151g
Edition number 23
100 1# - MAIN ENTRY--PERSONAL NAME
Personal name Ocampo Gaviria, José Antonio,
Relator term autor
9 (RLIN) 7571
245 13 - TITLE STATEMENT
Title El giro de la política agropecuaria /
Statement of responsibility, etc. José Antonio Ocampo Gaviria y Santiago Perry Rubio
250 ## - EDITION STATEMENT
Edition statement Primera edición
260 ## - PUBLICATION, DISTRIBUTION, ETC.
Place of publication, distribution, etc. Bogotá :
Name of publisher, distributor, etc. Tercer Mundo,
Date of publication, distribution, etc. 1995.
300 ## - PHYSICAL DESCRIPTION
Extent xiv, 246 páginas ;
Other physical details ilustraciones y gráficas en blanco y negro ;
Dimensions 21 cm.
490 0# - SERIES STATEMENT
Series statement Economía agraria
500 ## - GENERAL NOTE
General note Incluye datos biográficos del autor en solapa frontal.
504 ## - BIBLIOGRAPHY, ETC. NOTE
Bibliography, etc. note Bibliografía: páginas .213-218.
505 0# - FORMATTED CONTENTS NOTE
Formatted contents note El sector agropecuario y la internacionalización de la economía. -- La situación del sector a principios de 1993. -- Las bases de la nueva política sectorial. -- El plan de reactivación y la ley agraria. -- En procura de mejores condiciones externas para la internacionalización del agro. -- Política para el campesinado: el plan de desarrollo rural. -- Por un desarrollo agropecuario sostenible. -- Modernización descentralización del sector publico agropecuario. -- Desarrollo de la política sectorial y perspectivas del agro.
520 0# - SUMMARY, ETC.
Summary, etc. En lo que va corrido de este decenio se han presentado cambios sustantivos en el panorama económico nacional e internacional. El radical cambio en el modelo de desarrollo colombiano, la culminación de la Ronda Uruguay del GATT, el descomunal incremento de los subsidios internacionales al agro, la profunda crisis que afrontó el sector y el surgimiento de nuevos paradigmas tecnológicos crearon la necesidad de formular una política sectorial que facilitara a los agricultores adecuarse a las nuevas circunstancias. Los viejos instrumentos de política no debían simplemente eliminarse, era necesario remplazarlos por otros, novedosos, acordes con las transformaciones vividas. Su diseño y puesta en marcha los emprendió el Ministerio de Agricultura desde el segundo trimestre de 1993. Este libro narra las transformaciones efectuadas, analiza las razones que llevaron a hacerlas y reflexiona sobre sus limitaciones y vacíos. Sus autores fueron actores de primera línea de este rico período de mutaciones, pues les correspondió dirigir los destinos del ministerio del ramo y abocar la elaboración de la nueva política.
650 24 - SUBJECT ADDED ENTRY--TOPICAL TERM
Topical term or geographic name entry element Política agropecuaria
Geographic subdivision Colombia
Chronological subdivision 1993-1994
9 (RLIN) 40110
650 24 - SUBJECT ADDED ENTRY--TOPICAL TERM
Topical term or geographic name entry element Reforma agraria
Geographic subdivision Colombia
Chronological subdivision 1993-1994
9 (RLIN) 40111
650 24 - SUBJECT ADDED ENTRY--TOPICAL TERM
Topical term or geographic name entry element Sector agropecuario
General subdivision Aspectos económicos
Geographic subdivision Colombia
Chronological subdivision 1993-1994
9 (RLIN) 40112
700 1# - ADDED ENTRY--PERSONAL NAME
Personal name Perry Rubio, Santiago,
Relator term autor
9 (RLIN) 40113
942 ## - ADDED ENTRY ELEMENTS (KOHA)
Source of classification or shelving scheme Dewey Decimal Classification
Koha item type Books
Existencias
Withdrawn status Lost status Source of classification or shelving scheme Damaged status Not for loan Home library Current library Shelving location Date acquired Source of acquisition Total Checkouts Full call number Barcode Date last seen Date last checked out Copy number Price effective from Koha item type
    Dewey Decimal Classification     Biblioteca Pública José María del Castillo y Rada Biblioteca Pública José María del Castillo y Rada General Stacks 04/15/2018 Donación 1 338.109866 / O151g 430005591 05/13/2025 05/12/2025 Ej.1 03/10/2021 Books